Materials of construction (Record no. 82714)

MARC details
000 -LEADER
fixed length control field 00894nam a2200193 a 4500
008 - FIXED-LENGTH DATA ELEMENTS--GENERAL INFORMATION
fixed length control field 120416s1989 ||||||||||||||||| || u
020 ## - INTERNATIONAL STANDARD BOOK NUMBER
International Standard Book Number 0074516477
050 ## - LIBRARY OF CONGRESS CALL NUMBER
Classification number TA 404 Gho
100 ## - MAIN ENTRY--PERSONAL NAME
Personal name Ghose, D. N
245 10 - TITLE STATEMENT
Title Materials of construction
260 ## - PUBLICATION, DISTRIBUTION, ETC.
Place of publication, distribution, etc. New Delhi
Name of publisher, distributor, etc. Tata McGraw-Hill
Date of publication, distribution, etc. 1989
300 ## - PHYSICAL DESCRIPTION
Extent 296p. ; ill.
350 ## -
-- 0.00
650 ## - SUBJECT ADDED ENTRY--TOPICAL TERM
Topical term or geographic name entry element CONSTRUCTION
650 ## - SUBJECT ADDED ENTRY--TOPICAL TERM
Topical term or geographic name entry element CONSTRUCTION MATERIALS
995 ## -
-- ANNEX COLLECTION (Main Library)
-- 0.00
-- 732219
-- CBU-MAIN LIBRARY (Kitwe)
-- 1
-- 0.00
-- TA 404 Gho
-- 1
-- AVAILABLE
-- Jun 30, 2006
-- 029650
-- Annex Low-Usage Collection
995 ## -
-- ANNEX COLLECTION (Main Library)
-- 0.00
-- 732218
-- CBU-MAIN LIBRARY (Kitwe)
-- 2
-- 0.00
-- TA 404 Gho
-- 2
-- AVAILABLE
-- 029649
-- Annex Low-Usage Collection
995 ## -
-- ANNEX COLLECTION (Main Library)
-- 0.00
-- 732220
-- CBU-MAIN LIBRARY (Kitwe)
-- 3
-- 0.00
-- TA 404 Gho
-- 3
-- AVAILABLE
-- 029648
-- Annex Low-Usage Collection
999 ## -
-- 82714
-- 82714
Holdings
Withdrawn status Lost status Source of classification or shelving scheme Damaged status Not for loan Permanent Location Current Location Date acquired Full call number Barcode Date last seen Copy number Price effective from Koha item type Shelving location Total Checkouts
Withdrawn         CBU-MAIN LIBRARY, KITWE. CBU-MAIN LIBRARY, KITWE. 09/29/2023 TA 404 Gho 029650 09/29/2023 1 09/29/2023 MONOGRAPH    
          CBU-MAIN LIBRARY, KITWE. CBU-MAIN LIBRARY, KITWE. 09/29/2023 TA 404 Gho 029649 09/29/2023 2 09/29/2023 MONOGRAPH    
          CBU-MAIN LIBRARY, KITWE. CBU-MAIN LIBRARY, KITWE. 09/29/2023 TA 404 Gho 029648 09/29/2023 3 09/29/2023 MONOGRAPH